Library Logo

Pioneer International University Library Catalogue

INTEGRATED SCIENCE/ (Record no. 9956)

MARC details
000 -LEADER
fixed length control field 00558nam a22001697a 4500
003 - CONTROL NUMBER IDENTIFIER
control field OSt
005 - DATE AND TIME OF LATEST TRANSACTION
control field 20260212094127.0
008 - FIXED-LENGTH DATA ELEMENTS--GENERAL INFORMATION
fixed length control field 260212b |||||||| |||| 00| 0 eng d
020 ## - INTERNATIONAL STANDARD BOOK NUMBER
International Standard Book Number 978003958694
040 ## - CATALOGING SOURCE
Transcribing agency HOLT ,RINEHART AND WINSTON
050 ## - LIBRARY OF CONGRESS CALL NUMBER
Classification number Q 161.2 .I56 2008
Item number .I56 2008
245 ## - TITLE STATEMENT
Title INTEGRATED SCIENCE/
Statement of responsibility, etc. Allen, Katy Z.
250 ## - EDITION STATEMENT
Edition statement 1st edition
260 ## - PUBLICATION, DISTRIBUTION, ETC.
Place of publication, distribution, etc. Orlando:
Name of publisher, distributor, etc. Holt,Rinehart and Winston,
Date of publication, distribution, etc. 2008
300 ## - PHYSICAL DESCRIPTION
Extent xxviii, 811 pages,
Other physical details Hardcover, ill .:col, includes bibliographic references and index.;
Dimensions 28.3 cm.
942 ## - ADDED ENTRY ELEMENTS (KOHA)
Source of classification or shelving scheme Library of Congress Classification
Koha item type Books
Edition 1st ed.
Suppress in OPAC No
Holdings
Withdrawn status Lost status Source of classification or shelving scheme Damaged status Not for loan Home library Current library Date acquired Total checkouts Full call number Barcode Date last seen Price effective from Koha item type
    Library of Congress Classification     PIU Library Main Library 02/12/2026   Q 161.2 .I56 2008 PIUDL955 02/12/2026 02/12/2026 Books